Statistics for Famous Football Matches

Click here to take the quiz!

General Stats

  • This quiz has been taken 3,127 times
    (1,561 since last reset)
  • The average score is 29 of 68

Answer Stats

DerbyTeam 1Team 2% Correct
El ClasicoBarcelonaReal Madrid
99%
Manchester DerbyManchester UnitedManchester City
99%
El ClasicoReal Madrid
99%
Manchester DerbyManchester City
98%
North London DerbyArsenal
92%
North London DerbyTottenhamArsenal
90%
Merseyside DerbyLiverpoolEverton
82%
Der KlassikerBayern MunichBorussia Dortmund
80%
Der KlassikerEverton
78%
Der KlassikerBorussia Dortmund
77%
Derby della MadonninaAC MilanInter Milan
76%
Choc des OlympiquesInter Milan
75%
Old FirmCelticRangers
73%
Derby della CapitaleAS Roma
72%
Old FirmRangers
72%
Derby della CapitaleLazioAS Roma
66%
Merseyside DerbyOlympique de Marseille
65%
Choc des OlympiquesOlympique LyonnaisOlympique de Marseille
65%
Ukrainian KlasychneDynamo Kyiv
60%
Derby of the Eternal EnemiesOlympiacosPanathinaikos
58%
Ukrainian KlasychneShakhtar DonetskDynamo Kyiv
58%
SuperclásicoBoca Juniors
57%
Main Moscow DerbyCKSA Moskva
57%
SuperclásicoRiver PlateBoca Juniors
55%
De KlassiekerAjaxFeyenoord
50%
Derby della MoleJuventusTorino
49%
Eternal Derby (Serbia)Red Star BelgradePartizan Belgrade
47%
Main Moscow DerbySpartak MoskvaCKSA Moskva
45%
De KlassiekerFeyenoord
41%
San-SãoSantos FCSao Paulo FC
40%
Clássico dos MilhõesFlamengo
39%
Fla-FluFlamengoFluminense
39%
San-SãoSao Paulo FC
39%
Derby della MadonninaTorino
39%
O ClássicoFC Porto
38%
Panathinaikos
37%
O ClássicoSL BenficaFC Porto
37%
Eternal Derby (Serbia)Partizan Belgrade
34%
Derby of Northern GreecePAOK
33%
The Intercontinental DerbyGalatasaray SK
30%
Edinburgh DerbyHeart of MidlothianHibernian
30%
Fla-FluFluminense
28%
Hudson River DerbyNew York City FCNew York Red Bulls
26%
The Intercontinental DerbyFenerbahçe SKGalatasaray SK
25%
Edinburgh DerbyHibernian
24%
Melbourne DerbyMelbourne City
24%
Hudson River DerbyNew York Red Bulls
24%
Cairo DerbyAl AhlyZamalek
23%
China DerbyShanghai Greenland Shenhua F.C.Beijing Guoan FC
21%
Soweto DerbyKaizer Chiefs
19%
El TráficoLA GalaxyLos Angeles FC
18%
Melbourne DerbyMelbourne VictoryMelbourne City
16%
El Gran DerbiSevilla
16%
China DerbyBeijing Guoan FC
15%
El TráficoLos Angeles FC
14%
Derby of Northern GreeceArisPAOK
13%
Clásico JovenClub America
12%
Soweto DerbyOrlando PiratesKaizer Chiefs
12%
El Gran DerbiReal BetisSevilla
12%
Cairo DerbyZamalek
12%
Clásico JovenCruz AzulClub America
9%
M69 Derby Leicester City
9%
Clássico dos MilhõesVasco da GamaFlamengo
8%
M69 DerbyCoventry CityLeicester City
5%
Blue-Red DerbyEsteghlalPersepolis
2%
Holy WarKS Cracovia
2%
Blue-Red DerbyPersepolis
2%
Holy WarWisła KrakówKS Cracovia
2%

Score Distribution

Percentile by Number Answered

Percent of People with Each Score

Your Score History

You have not taken this quiz since the last reset